Kế toán thương mại, dịch vụ và kinh doanh xuất nhập khẩu : ( Dùng cho sinh viên Cao đẳng, Đại học khối ngành Kinh tế, Tài chính, Ngoại thương, Ngân hàng, Quản trị kinh doanh,... )

Sách này giúp cho độc giả thấy được vấn đề quan trọng đối với độc giả không chỉ dừng lại ở sự hiểu biết về công việc công kinh doanh thuần túy mà còn phải biết kinh doanh như thế nào để có hiệu quả, nhất là trong lĩnh vực kinh doanh x...

全面介紹

Đã lưu trong:
書目詳細資料
主要作者: Phan, Đức Dũng
格式: 圖書
語言:Undetermined
出版: Hà Nội Thống kê 2006
主題:
標簽: 添加標簽
沒有標簽, 成為第一個標記此記錄!
Thư viện lưu trữ: Trung tâm Học liệu Trường Đại học Cần Thơ
LEADER 01528nam a2200217Ia 4500
001 CTU_118312
008 210402s9999 xx 000 0 und d
020 |c 145500 
082 |a 657.7 
082 |b D513 
100 |a Phan, Đức Dũng 
245 0 |a Kế toán thương mại, dịch vụ và kinh doanh xuất nhập khẩu : 
245 0 |b ( Dùng cho sinh viên Cao đẳng, Đại học khối ngành Kinh tế, Tài chính, Ngoại thương, Ngân hàng, Quản trị kinh doanh,... ) 
245 0 |c Phan Đức Dũng 
260 |a Hà Nội 
260 |b Thống kê 
260 |c 2006 
520 |a Sách này giúp cho độc giả thấy được vấn đề quan trọng đối với độc giả không chỉ dừng lại ở sự hiểu biết về công việc công kinh doanh thuần túy mà còn phải biết kinh doanh như thế nào để có hiệu quả, nhất là trong lĩnh vực kinh doanh xuất nhập khẩu, mua bán hàng hóa trong nước và kinh doanh xuất nhập khẩu. Sách được trình bày trong 15 chương, mối chương được bố cục theo 3 nội dung chính : - Muc tiệu học tập - Nội dung chính của chương - Nội dung tóm tắt chương và ví dụ ứng dụng 
650 |a Accounting,Industrial management 
904 |i Giang 
980 |a Trung tâm Học liệu Trường Đại học Cần Thơ